<?xml version="1.0" encoding="UTF-8"?>
<record
    xmlns:xsi="http://www.w3.org/2001/XMLSchema-instance"
    xsi:schemaLocation="http://www.loc.gov/MARC21/slim http://www.loc.gov/standards/marcxml/schema/MARC21slim.xsd"
    xmlns="http://www.loc.gov/MARC21/slim">

  <leader>01697nam a2200313 a 4500</leader>
  <controlfield tag="001">25445</controlfield>
  <controlfield tag="003">CO-ViMGA</controlfield>
  <controlfield tag="008">141112s2004    ck      r     000 u spa d</controlfield>
  <datafield tag="015" ind1=" " ind2=" ">
    <subfield code="a">NNN</subfield>
  </datafield>
  <datafield tag="020" ind1=" " ind2=" ">
    <subfield code="a">9789587048018</subfield>
  </datafield>
  <datafield tag="040" ind1=" " ind2=" ">
    <subfield code="a">CO-ViMGA</subfield>
    <subfield code="b">spa</subfield>
    <subfield code="c">CO-ViMGA</subfield>
  </datafield>
  <datafield tag="041" ind1=" " ind2=" ">
    <subfield code="a">spa por</subfield>
  </datafield>
  <datafield tag="043" ind1=" " ind2=" ">
    <subfield code="a">s - po - - - </subfield>
  </datafield>
  <datafield tag="082" ind1="0" ind2="4">
    <subfield code="a">869.3 S17v</subfield>
  </datafield>
  <datafield tag="100" ind1="1" ind2=" ">
    <subfield code="a">Saramago, Jos&#xE9; 1922 - 2010</subfield>
    <subfield code="9">2681</subfield>
  </datafield>
  <datafield tag="245" ind1="1" ind2="0">
    <subfield code="a">El viaje del elefante / </subfield>
    <subfield code="c">Jos&#xE9; Saramago ; traducci&#xF3;n de Pilar del R&#xED;o</subfield>
  </datafield>
  <datafield tag="250" ind1=" " ind2=" ">
    <subfield code="a">1a ed.</subfield>
  </datafield>
  <datafield tag="260" ind1=" " ind2=" ">
    <subfield code="a">Bogot&#xE1; Distribuidora y Editora Aguilar, </subfield>
    <subfield code="c">Altea, </subfield>
    <subfield code="c">Taurus, </subfield>
    <subfield code="c">Alfaguara ; Madrid, </subfield>
    <subfield code="c">Espa&#xF1;a Santillana Ediciones Generales 2008 (impresi&#xF3;n de 2009).</subfield>
  </datafield>
  <datafield tag="300" ind1=" " ind2=" ">
    <subfield code="a">270 p. 21 cm.</subfield>
  </datafield>
  <datafield tag="490" ind1=" " ind2=" ">
    <subfield code="a">Punto de lectura</subfield>
  </datafield>
  <datafield tag="520" ind1=" " ind2=" ">
    <subfield code="a">A mediados del siglo XVI el rey Juan III ofrece a su primo, el archiduque Maximiliano de Austria, un elefante asi&#xE1;tico. Esta novela cuenta el viaje &#xE9;pico de ese elefante llamado Salom&#xF3;n que tuvo que recorrer Europa por caprichos reales y absurdas estrategias. El viaje del elefante no es un libro hist&#xF3;rico, es una combinaci&#xF3;n de hechos reales e inventados que nos hace sentir la realidad y la ficci&#xF3;n como una unidad indisoluble, como algo propio de la gran literatura. Una reflexi&#xF3;n sobre la humanidad en la que el humor y la iron&#xED;a, marcas de la implacable lucidez del autor, se unen a la compasi&#xF3;n con la que Jos&#xE9; Saramago observa las flaquezas humanas.</subfield>
  </datafield>
  <datafield tag="541" ind1=" " ind2=" ">
    <subfield code="3">5.000; 1 c.</subfield>
  </datafield>
  <datafield tag="596" ind1=" " ind2=" ">
    <subfield code="a">2</subfield>
  </datafield>
  <datafield tag="650" ind1="1" ind2="4">
    <subfield code="a">Novela portuguesa</subfield>
    <subfield code="9">16966</subfield>
  </datafield>
  <datafield tag="700" ind1="1" ind2=" ">
    <subfield code="a">R&#xED;o, Pilar del 1950 - Tr.</subfield>
    <subfield code="9">38818</subfield>
  </datafield>
  <datafield tag="926" ind1=" " ind2=" ">
    <subfield code="a">B - GENERAL PRESTADO 869.3 S17J LITERATURA 5/8/2014 1</subfield>
  </datafield>
  <datafield tag="942" ind1=" " ind2=" ">
    <subfield code="2">ddc</subfield>
    <subfield code="c">BK</subfield>
  </datafield>
  <datafield tag="999" ind1=" " ind2=" ">
    <subfield code="c">33032</subfield>
    <subfield code="d">33032</subfield>
  </datafield>
  <datafield tag="952" ind1=" " ind2=" ">
    <subfield code="0">0</subfield>
    <subfield code="1">0</subfield>
    <subfield code="2">ddc</subfield>
    <subfield code="4">0</subfield>
    <subfield code="7">0</subfield>
    <subfield code="8">003</subfield>
    <subfield code="a">MEVIECAR</subfield>
    <subfield code="b">MEVIECAR</subfield>
    <subfield code="d">2015-12-04</subfield>
    <subfield code="h">10/abr/2014</subfield>
    <subfield code="l">0</subfield>
    <subfield code="o">869.3 S17v </subfield>
    <subfield code="p">26639</subfield>
    <subfield code="r">2023-02-20 00:00:00</subfield>
    <subfield code="t">Ej. 1</subfield>
    <subfield code="w">2015-12-04</subfield>
    <subfield code="y">BK</subfield>
  </datafield>
  <datafield tag="952" ind1=" " ind2=" ">
    <subfield code="0">0</subfield>
    <subfield code="1">0</subfield>
    <subfield code="4">0</subfield>
    <subfield code="7">0</subfield>
    <subfield code="8">012</subfield>
    <subfield code="a">MEVIGERR</subfield>
    <subfield code="b">MEVIGERR</subfield>
    <subfield code="c">LIT</subfield>
    <subfield code="d">2011-05-13</subfield>
    <subfield code="o">N SAR2v</subfield>
    <subfield code="p">ECA19885</subfield>
    <subfield code="r">2024-11-26 09:16:41</subfield>
    <subfield code="t">Ej.1</subfield>
    <subfield code="w">2024-11-26</subfield>
    <subfield code="y">BK</subfield>
    <subfield code="z">14603 | 19134</subfield>
  </datafield>
</record>
